LEADER 01674nam--2200433---450- 001 990001463670203316 005 20100609080957.0 010 $a88-85147-58-5 035 $a000146367 035 $aUSA01000146367 035 $a(ALEPH)000146367USA01 035 $a000146367 100 $a20040301d2001----km-y0itay50------ba 101 0 $amul$aita 102 $aIT 105 $aa|||||||101yy 200 1 $aMartiri e santi in scena$eXXIV convegno internazionale$eAnagni, 7-10 settembre 2000$fa cura di M. Chiabò, F. Doglio$gCentro studi sul teatro medioevale e rinascimentale 210 $aRoma$cTorre d'Orfeo$d2001 215 $a525, 62 p.$cill.$d24 cm 300 $aIn testa al frontespizio: Ministero per i beni e le attività culturali, Ufficio centrale per i beni librari le istituzioni culturali e l'editoria, Dipartimento dello spettacolo 606 0 $aSacra rappresentazione$yEuropa$zSec. 15.-17.$xAtti di congressi$2BNCF 676 $a792.16094 702 1$aCHIABÒ,$bMaria 702 1$aDOGLIO,$bFederico 712 02$aCentro studi sul teatro medioevale e rinascimentale 801 0$aIT$bsalbc$gISBD 912 $a990001463670203316 951 $aXIII.1.B. 845$b2540 L.G.$cXIII.1.B.$d00259306 959 $aBK 969 $aUMA 979 $aMARIA$b10$c20040301$lUSA01$h1125 979 $aPATRY$b90$c20040406$lUSA01$h1742 979 $aANNAMARIA$b90$c20100607$lUSA01$h1210 979 $aANNAMARIA$b90$c20100607$lUSA01$h1213 979 $aANNAMARIA$b90$c20100607$lUSA01$h1710 979 $aANNAMARIA$b90$c20100608$lUSA01$h1319 979 $aANNAMARIA$b90$c20100609$lUSA01$h0809 996 $aMartiri e santi in scena$9936670 997 $aUNISA LEADER 02562nas 2200601-a 450 001 9910338732103321 005 20240413021635.0 011 $a1793-6748 035 $a(CKB)974746734005 035 $a(CONSER)--2001206942 035 $a(EXLCZ)99974746734005 100 $a20001027b20002007 --- a 101 0 $aeng 181 $ctxt$2rdacontent 182 $cc$2rdamedia 183 $acr$2rdacarrier 200 00$aInternational journal of computer processing of oriental languages 210 $aSingapore ;$aHong Kong $cWorld Scientific$d©2000- 215 $a1 online resource 300 $aRefereed/Peer-reviewed 311 08$aPrint version: International journal of computer processing of oriental languages. 0219-4279 (DLC) 2001206942 (OCoLC)45246196 517 3 $aComputer processing of oriental languages 606 $aChinese language$xData processing$vPeriodicals 606 $aOriental languages$xData processing$vPeriodicals 606 $aChinese characters$xData processing$vPeriodicals 606 $aInformation storage and retrieval systems$xChinese language$vPeriodicals 606 $aInformation storage and retrieval systems$xChinese characters$vPeriodicals 606 $aChinois (Langue)$xInformatique$vPériodiques 606 $aLangues orientales$xInformatique$vPériodiques 606 $aChinois (Langue)$xCaractères$xInformatique$vPériodiques 606 $aChinese characters$xData processing$2fast$3(OCoLC)fst00857301 606 $aChinese language$xData processing$2fast$3(OCoLC)fst00857415 606 $aOriental languages$xData processing$2fast$3(OCoLC)fst01048093 608 $aPeriodicals.$2fast 615 0$aChinese language$xData processing 615 0$aOriental languages$xData processing 615 0$aChinese characters$xData processing 615 0$aInformation storage and retrieval systems$xChinese language 615 0$aInformation storage and retrieval systems$xChinese characters 615 6$aChinois (Langue)$xInformatique 615 6$aLangues orientales$xInformatique 615 6$aChinois (Langue)$xCaractères$xInformatique 615 7$aChinese characters$xData processing. 615 7$aChinese language$xData processing. 615 7$aOriental languages$xData processing. 676 $a495.1/0285 676 $a495.0285 712 02$aWorld Scientific (Firm) 906 $aJOURNAL 912 $a9910338732103321 920 $aexl_impl conversion 996 $aInternational journal of computer processing of oriental languages$91955131 997 $aUNINA